Les villes portuaires maritimes dans la France moderne : XVIe-XVIIIe siècle (notice n° 2198692)
[ vue normale ]
| 000 -LEADER | |
|---|---|
| fixed length control field | 01465cam a2200133 4500500 |
| 005 - DATE AND TIME OF LATEST TRANSACTION | |
| control field | 20260405085558.0 |
| 041 ## - LANGUAGE CODE | |
| Language code of text/sound track or separate title | fre |
| 042 ## - AUTHENTICATION CODE | |
| Authentication code | dc |
| 100 10 - MAIN ENTRY--PERSONAL NAME | |
| Personal name | Le Mao, Caroline |
| Relator term | author |
| 245 00 - TITLE STATEMENT | |
| Title | Les villes portuaires maritimes dans la France moderne : XVIe-XVIIIe siècle |
| 260 ## - PUBLICATION, DISTRIBUTION, ETC. | |
| Name of publisher, distributor, etc. | Armand Colin,<br/> |
| Date of publication, distribution, etc. | 2015.<br/> |
| 520 ## - SUMMARY, ETC. | |
| Summary, etc. | La ville, le port, la mer : à la croisée de ces trois identités, la ville portuaire maritime revêt, dans la France de la seconde modernité, bien des réalités. Du petit port de pêche breton ou normand aux métropoles du grand commerce en passant par les arsenaux, peut-on parler d’une communauté de destin ? Dans quelle mesure l’identité portuaire maritime se distingue-t-elle du fait urbain global ? La question a d’autant plus passionné les historiens que ces cités sont au cœur des grands enjeux du temps : l’ouverture au monde, le triomphe du grand commerce maritime, l’avènement des trafics coloniaux, le cosmopolitisme et la mobilité des populations, les mutations de l’urbanisme, la défense du territoire, le rapport au risque… Unique synthèse sur les cités portuaires en France à l’époque moderne, cet ouvrage met en lumière le renouveau de l’histoire maritime et fait découvrir des espaces originaux à l’identité forte : les villes et leurs ports. |
| 856 41 - ELECTRONIC LOCATION AND ACCESS | |
| Uniform Resource Identifier | <a href="https://shs.cairn.info/les-villes-portuaires-maritimes-dans-la-france--9782200278205?lang=fr&redirect-ssocas=7080">https://shs.cairn.info/les-villes-portuaires-maritimes-dans-la-france--9782200278205?lang=fr&redirect-ssocas=7080</a> |
Pas d'exemplaire disponible.




Réseaux sociaux